| 000 | 01444nam a2200361 4500 | ||
|---|---|---|---|
| 999 |
_c974 _d974 |
||
| 003 | AR-BeUNQ | ||
| 005 | 20231004201619.0 | ||
| 008 | 230807b2021 ag o|||g ||||s00| 0 spa d | ||
| 020 | _a9789500015486 | ||
| 040 |
_aAR-BeUNQ _bspa _eaacr |
||
| 041 | _hspa | ||
| 044 | _aag | ||
| 082 |
_a371.1 _221 |
||
| 245 | 0 | 4 |
_aLos sitios de memoria como desafío pedagógico : _buna guía educativa. |
| 250 | _a2a ed. | ||
| 260 |
_aCiudad Autónoma de Buenos Aires : _bMinisterio de Educación, _c2021 |
||
| 300 |
_a79 p. : _bfot. col. : _c20 cm. |
||
| 500 | _aPrograma Educación y Memoria. | ||
| 500 | _aIncluye referencias. | ||
| 504 | _aBibliografía: p. 78. | ||
| 505 | 0 | _aEl Holocausto: una perspectiva para leer el mundo contemporáneo -- La experiencia de la última dictadura en Argentina -- Sitios de memoria: desafíos pedagógicos -- La escuela va a los sitios. | |
| 521 | _aPara nivel secundario. | ||
| 530 | _aTambién disponible en línea. | ||
| 650 | 7 |
_aTerrorismo de estado _2tha |
|
| 650 | 7 |
_aDerechos Humanos _2spines |
|
| 653 | _aMemoria | ||
| 653 | _aHolocausto | ||
| 653 | _aFormación docente | ||
| 710 |
_aArgentina. _bMinisterio de Educación. _bPrograma Educación y Memoria. |
||
| 856 | _uhttps://www.educ.ar/recursos/158029/los-sitios-de-memoria-como-desafio-pedagogico-una-guia-educa | ||
| 929 |
_aDONACION _bMinisterio de Educación de la Nación _d300,00 _e20230629 _fPAT0080193 _h1 _j61388 |
||
| 942 |
_cLIB _n0 |
||